000 00789cab a2200265 4500
001 ABS52433
008 090401t1995 xxu||||| |||| 00| 0 eng d
035 _a(Sirsi) u77706
041 _aeng
245 4 _aThe choice of a new generation
260 _c1995
350 _a0
490 _aArchitects` Journal
_v201(9) 2 March 1995, 43-55(10)
520 _aPurpose-built, naturally ventilated headquarters for PowerGen, near Coventry.
650 _aBUILT ENVIRONMENT-BUILDING COSTS
650 _aBUILT ENVIRONMENT-CONSTRUCTION DESIGN
650 _aBUILDING PROJECTS
650 _aHEADQUARTERS BUILDINGS
650 _aNATURAL VENTILATION
650 _aPOWERGEN
650 _aVENTILATION
690 _aBUILDING AND CONSTRUCTION-PROJECTS
942 _n0
948 _c04/03/1997
999 _c48847
_d48847